E-learning standards: A guide to purchasing, and deploying standards-conformant e-learning
Spremljeno u:
| Glavni autor: | |
|---|---|
| Format: | Knjiga |
| Jezik: | Undetermined |
| Izdano: |
Boca Raton, FL
CRC Press
2003
|
| Teme: | |
| Oznake: |
Dodaj oznaku
Bez oznaka, Budi prvi tko označuje ovaj zapis!
|
| Thư viện lưu trữ: | Trung tâm Học liệu Trường Đại học Cần Thơ |
|---|
| LEADER | 00557nam a2200193Ia 4500 | ||
|---|---|---|---|
| 001 | CTU_58098 | ||
| 008 | 210402s9999 xx 000 0 und d | ||
| 082 | |a 371.33 | ||
| 082 | |b F196 | ||
| 100 | |a Carol Fallon | ||
| 245 | 0 | |a E-learning standards: A guide to purchasing, and deploying standards-conformant e-learning | |
| 245 | 0 | |c Carol Fallon | |
| 260 | |a Boca Raton, FL | ||
| 260 | |b CRC Press | ||
| 260 | |c 2003 | ||
| 650 | |a educational technology | ||
| 650 | |x standards | ||
| 904 | |i Minh | ||
| 980 | |a Trung tâm Học liệu Trường Đại học Cần Thơ | ||